000 00546nam a2200193 4500
001 85391
003 BD-RjUL
005 20250731123433.0
008 250731b |||||||| |||| 00| 0 eng d
035 _a(BD-RjUL) 85391
040 _aBD-RjUL
_beng
_cBD-RjUL
041 _aurd
082 _213
_a891.4391
_bGOS 195?
245 _aشعر اور غزل ;; shar our ghazal /
_cمجنوں گورکھپوری ;; Majnu Gorakhpuri
260 _aDelhi:
_bAdabi Ekademy,
_c195?
300 _a202 p. ;
_c17 cm
650 _aurdu poetry
942 _2ddc
_cBK
999 _c85391
_d85391